The measurement of productive efficiency and productivity growth / (Record no. 1741)

000 -LEADER
fixed length control field nam a22 a 4500
005 - DATE AND TIME OF LATEST TRANSACTION
control field 20170511145957.0
008 - FIXED-LENGTH DATA ELEMENTS--GENERAL INFORMATION
fixed length control field 170511b2008 xxu||||| |||| 00| 0 eng d
020 ## - INTERNATIONAL STANDARD BOOK NUMBER
International Standard Book Number 0195183525 (hbk.) :
Terms of availability £23.99
040 ## - CATALOGING SOURCE
Original cataloging agency AKMAL
082 ## - DEWEY DECIMAL CLASSIFICATION NUMBER
Classification number 338.5 FRI
090 ## - LOCALLY ASSIGNED LC-TYPE CALL NUMBER (OCLC); LOCAL CALL NUMBER (RLIN)
Classification number (OCLC) (R) ; Classification number, CALL (RLIN) (NR) 338.5
Local cutter number (OCLC) ; Book number/undivided call number, CALL (RLIN) FRI
245 04 - TITLE STATEMENT
Title The measurement of productive efficiency and productivity growth /
Statement of responsibility, etc. edited by Harold O. Fried, C.A. Knox Lovell, Shelton S. Schmidt.
260 ## - PUBLICATION, DISTRIBUTION, ETC.
Place of publication, distribution, etc. Oxford :
Name of publisher, distributor, etc. Oxford University Press,
Date of publication, distribution, etc. 2008.
300 ## - PHYSICAL DESCRIPTION
Extent xiv, 638 p. :
Other physical details ill. ;
Dimensions 25cm
500 ## - GENERAL NOTE
General note Formerly CIP.
504 ## - BIBLIOGRAPHY, ETC. NOTE
Bibliography, etc. note Includes bibliographical references and index.<br/>
599 ## - LOCAL NOTE
Local Note DALAM PROSES
650 #0 - SUBJECT ADDED ENTRY--TOPICAL TERM
Topical term or geographic name entry element Industrial efficiency
General subdivision Measurement.
9 (RLIN) 3598
650 #0 - SUBJECT ADDED ENTRY--TOPICAL TERM
Topical term or geographic name entry element Industrial productivity
General subdivision Measurement.
9 (RLIN) 3599
700 1# - ADDED ENTRY--PERSONAL NAME
Personal name Lovell, C. A. Knox.
9 (RLIN) 3600
700 1# - ADDED ENTRY--PERSONAL NAME
Personal name Schmidt, Shelton S.
9 (RLIN) 3601
852 41 - LOCATION
Location British Library
Sublocation or collection HMNTS
852 41 - LOCATION
Location British Library
Sublocation or collection DSC
942 ## - ADDED ENTRY ELEMENTS (KOHA)
Source of classification or shelving scheme
Koha item type Book
Holdings
Withdrawn status Lost status Source of classification or shelving scheme Damaged status Not for loan Collection code Home library Current library Shelving location Date acquired Inventory number Total Checkouts Full call number Barcode Date last seen Price effective from Koha item type
          NON-FICTION AKMAL Melaka AKMAL Melaka PINJAMAN 11.05.2017 305954   338.5 FRI 201705674 11.05.2017 11.05.2017 Book
          NON-FICTION AKMAL Melaka AKMAL Melaka PINJAMAN 11.05.2017 305955   338.5 FRI 201705673 11.05.2017 11.05.2017 Book
Pusat Sumber Maklumat Dato' Haji Sarmin Md Hussin, Akademi Kastam Diraja Malaysia, Melaka
Tel: 06-2331106 | Faks: 06-2313787